Speed type Z-A - Statistics

General Stats
  • This quiz has been taken 155 times
  • The average score is 21 of 26
Answer Stats
Hint Answer % Correct
Y Y
94%
Z Z
92%
U U
90%
W W
90%
A A
88%
E E
88%
R R
88%
X X
88%
T T
86%
V V
84%
I I
82%
S S
82%
Q Q
80%
D D
78%
F F
78%
J J
78%
K K
78%
P P
78%
B B
76%
H H
76%
M M
76%
C C
75%
O O
75%
L L
73%
N N
73%
G G
71%
No matching quizzes found
Score Distribution
Percent of People with Each Score
Percentile by Number Answered
Your Score History
You have not taken this quiz